[Event "52nd Groningen Open"]
[Site "Groningen NED"]
[Date "2014.12.21"]
[Round "1.46"]
[White "Afek, Yochanan"]
[Black "Zuiderweg, Edwin"]
[Result "1-0"]
[WhiteTitle "IM"]
[WhiteElo "2285"]
[BlackElo "2010"]
[WhiteFideId "2800462"]
[BlackFideId "1012207"]
[EventDate "2014.12.21"]

1. e4 c5 2. Nf3 g6 3. d4 cxd4 4. Nxd4 Nc6 5. Nxc6 bxc6 6. Qd4 Nf6 7. e5 Ng8 8.
e6 Nf6 9. exd7+ Qxd7 10. Qxd7+ Bxd7 11. c4 Bg7 12. Nc3 O-O 13. Bf4 Bf5 14. f3 e5
15. Be3 e4 16. fxe4 Nxe4 17. Nxe4 Rfe8 18. O-O-O Rxe4 19. Bd2 Rd8 20. h3 Red4
21. Be2 Be4 22. Be3 Rxd1+ 23. Rxd1 Rxd1+ 24. Bxd1 Bxg2 25. Bxa7 Bxh3 26. a4 Bf1
27. b3 h5 28. a5 c5 29. Bf3 Be5 30. a6 h4 31. Bxc5 Bf4+ 32. Kd1 Bb8 33. a7 Bxa7
34. Bxa7 h3 35. Ke1 Bd3 36. Kf2 1-0

[Event "52nd Groningen Open"]
[Site "Groningen NED"]
[Date "2014.12.21"]
[Round "1.47"]
[White "Dirksen, Marieke"]
[Black "Sreeves, Clement"]
[Result "0-1"]
[WhiteElo "2002"]
[BlackElo "2284"]
[WhiteFideId "1032160"]
[BlackFideId "2402564"]
[EventDate "2014.12.21"]

1. e4 e5 2. Nf3 Nc6 3. Bb5 a6 4. Ba4 Nf6 5. Qe2 b5 6. Bb3 Be7 7. O-O O-O 8. c3
d5 9. d3 Bb7 10. Nbd2 Re8 11. Rd1 Bf8 12. a3 Na5 13. Ba2 c5 14. Nf1 Qc7 15. Ng3
c4 16. Nd2 cxd3 17. Qxd3 dxe4 18. Qe2 Rad8 19. Re1 Qc6 20. h3 Bc5 21. Ndxe4 Nxe4
22. Nxe4 Qxe4 23. Qxe4 Bxe4 24. b4 Bd5 25. bxa5 Bxa2 26. Rxa2 Rd3 27. Rc2 f6 28.
Kf1 Kf7 29. Ke2 Red8 30. Rd2 Rxd2+ 31. Bxd2 Bxf2 32. Ra1 Bc5 33. a4 bxa4 34.
Rxa4 Ke6 35. c4 Rb8 36. Ra2 Rb3 37. Be1 Kf5 38. Kd1 Ke4 39. Re2+ Kd3 40. Rd2+
Kxc4 41. Rd7 Bd4 42. Rxg7 Kd3 43. Rg3+ Be3 44. Bd2 Rb1+ 45. Bc1 Rxc1# 0-1

[Event "52nd Groningen Open"]
[Site "Groningen NED"]
[Date "2014.12.21"]
[Round "1.48"]
[White "Kerigan, Demre"]
[Black "Patzenhauer, Max"]
[Result "1-0"]
[WhiteTitle "FM"]
[WhiteElo "2277"]
[BlackElo "2000"]
[WhiteFideId "6307841"]
[BlackFideId "24690554"]
[EventDate "2014.12.21"]

1. e4 c5 2. Nf3 d6 3. Bb5+ Bd7 4. Bxd7+ Nxd7 5. O-O g6 6. c3 Bg7 7. d4 Qb6 8.
Qe2 Ngf6 9. a4 O-O 10. Rd1 Rfd8 11. Bg5 h6 12. Bh4 cxd4 13. cxd4 Rac8 14. Nc3 g5
15. Bg3 Nh5 16. Nd5 Nxg3 17. hxg3 1-0

[Event "52nd Groningen Open"]
[Site "Groningen NED"]
[Date "2014.12.21"]
[Round "1.49"]
[White "Nguyen, Kevin"]
[Black "Mohammad, Nubairshah Shaikh"]
[Result "0-1"]
[WhiteElo "1986"]
[BlackElo "2275"]
[WhiteFideId "1046349"]
[BlackFideId "5053196"]
[EventDate "2014.12.21"]

1. e4 c5 2. Nc3 a6 3. g3 b5 4. Bg2 Bb7 5. d3 e6 6. Nh3 Nf6 7. O-O Qc7 8. Bf4 d6
9. Qe2 Nc6 10. Nd1 Be7 11. c3 O-O 12. Ne3 Rad8 13. Bg5 Nd7 14. f4 Bxg5 15. Nxg5
h6 16. Nh3 Ne7 17. g4 f5 18. g5 hxg5 19. Nxg5 Rf6 20. Rae1 Nf8 21. Qc2 d5 22.
exf5 exf5 23. d4 cxd4 24. cxd4 Qxc2 25. Nxc2 Nc6 26. Re2 a5 27. Rfe1 Rfd6 28.
Bh3 g6 29. Nf3 Kf7 30. Ne5+ Nxe5 31. fxe5 Rc6 32. Bg2 Ne6 33. Rf1 Rc4 34. b3 Rc3
35. Rd2 b4 36. Ne1 Ba6 37. Rf3 Rc1 38. Kf2 Ke7 39. Rh3 Ng5 40. Rg3 Ne4+ 41. Bxe4
fxe4 42. Rc2 Rf8+ 43. Kg2 Bf1+ 0-1

[Event "52nd Groningen Open"]
[Site "Groningen NED"]
[Date "2014.12.21"]
[Round "1.50"]
[White "Stegariu, Vlad-Ionut"]
[Black "Hertel, Johannes"]
[Result "1-0"]
[WhiteElo "2268"]
[BlackElo "1984"]
[WhiteFideId "1217860"]
[BlackFideId "24694851"]
[EventDate "2014.12.21"]

1. d4 Nf6 2. c4 e6 3. Nf3 Bb4+ 4. Nbd2 O-O 5. a3 Bxd2+ 6. Qxd2 d6 7. b4 a5 8.
Bb2 axb4 9. axb4 Rxa1+ 10. Bxa1 b5 11. cxb5 Nbd7 12. e3 Bb7 13. Be2 Qa8 14. O-O
Qa4 15. Rc1 Ra8 16. Bc3 Ne4 17. Qb2 Nb6 18. Be1 Nd5 19. Nd2 Nxd2 20. Qxd2 f5 21.
f3 Qb3 22. Bc4 Qxe3+ 23. Qxe3 Nxe3 24. Bxe6+ Kf8 25. Rxc7 Re8 26. Rf7+ Kg8 27.
Rxb7+ Rxe6 28. b6 Re8 29. b5 Nc4 30. Bc3 d5 31. Bb4 h6 32. Kf2 Re6 33. Bc5 f4
34. Rb8+ Kh7 35. b7 Nb2 36. Rh8+ Kg6 37. Bb4 1-0

[Event "52nd Groningen Open"]
[Site "Groningen NED"]
[Date "2014.12.21"]
[Round "1.51"]
[White "Lemstra, Bart"]
[Black "Wempe, Joost"]
[Result "0-1"]
[WhiteElo "1956"]
[BlackElo "2262"]
[WhiteFideId "1034430"]
[BlackFideId "1005502"]
[EventDate "2014.12.21"]

1. d4 e6 2. c4 Bb4+ 3. Nc3 b6 4. Nf3 Bb7 5. e3 f5 6. a3 Bxc3+ 7. bxc3 Nf6 8. Bd3
O-O 9. Qe2 Qe8 10. O-O Qg6 11. Re1 Ne4 12. Ne5 Nxc3 13. Nxg6 Nxe2+ 14. Bxe2 hxg6
15. a4 a5 16. Ba3 Rc8 17. c5 bxc5 18. Bxc5 Na6 19. Ba3 Bc6 20. Rec1 Nb4 21. Bxb4
axb4 22. a5 b3 23. Rcb1 Bd5 24. Bf3 Bxf3 25. gxf3 Rcb8 26. Ra3 Rb5 27. Rbxb3
Raxa5 28. f4 Kf7 29. Kg2 Kf6 30. Rxa5 Rxb3 31. h4 Rb8 32. Ra7 Rc8 33. Kf3 Ke7
34. Rb7 Kd6 35. Rb1 Rh8 36. Rg1 Rh6 37. Ke2 c6 38. Kf3 Kd5 39. Ke2 d6 40. Kd3 c5
41. dxc5 dxc5 42. Rg2 Rxh4 43. Rxg6 Rg4 44. Rg5 c4+ 45. Ke2 Rxg5 46. fxg5 f4 47.
f3 fxe3 48. Kxe3 Ke5 49. g6 c3 0-1

[Event "52nd Groningen Open"]
[Site "Groningen NED"]
[Date "2014.12.21"]
[Round "1.52"]
[White "Van Osch, Mees"]
[Black "De Boer, Eelke"]
[Result "1-0"]
[WhiteElo "2261"]
[BlackElo "1933"]
[WhiteFideId "1035967"]
[BlackFideId "1048120"]
[EventDate "2014.12.21"]

1. e4 e5 2. Nf3 Nc6 3. d4 exd4 4. Nxd4 Bc5 5. Nb3 Bb6 6. Nc3 d6 7. Qe2 Nge7 8.
Be3 O-O 9. O-O-O Be6 10. f4 f5 11. e5 d5 12. Qf2 Qe8 13. Be2 Qf7 14. Kb1 Rfd8
15. Nb5 Rd7 16. Bxb6 axb6 17. h3 Rad8 18. Rd2 Nc8 19. g4 N6e7 20. N3d4 c5 21.
Nxe6 Qxe6 22. Rg1 Qc6 23. a4 Rf8 24. Qe3 Qh6 25. Qg3 Ng6 26. gxf5 Nxe5 27. f6
Ng6 28. Bg4 Rff7 29. Re2 Nd6 30. Bxd7 Rxd7 31. Nxd6 Rxd6 32. f5 Nf4 33. Rf2 1-0

[Event "52nd Groningen Open"]
[Site "Groningen NED"]
[Date "2014.12.21"]
[Round "1.53"]
[White "Schoppen, Casper"]
[Black "Salov, Sergej"]
[Result "1/2-1/2"]
[BlackTitle "IM"]
[WhiteElo "1927"]
[BlackElo "2256"]
[WhiteFideId "1046730"]
[BlackFideId "4107926"]
[EventDate "2014.12.21"]

1. d4 Nf6 2. c4 e6 3. Nf3 c5 4. g3 cxd4 5. Nxd4 d5 6. Bg2 e5 7. Nb3 d4 8. O-O
Nc6 9. Na3 Bxa3 10. bxa3 O-O 11. Bb2 Qe7 12. Re1 Bg4 13. Qd2 Rad8 14. Rad1 Rfe8
15. a4 h6 16. a5 a6 17. Qc1 Qc7 18. Ba3 Rd7 19. Nc5 Rdd8 20. Nb3 Bc8 1/2-1/2

[Event "52nd Groningen Open"]
[Site "Groningen NED"]
[Date "2014.12.21"]
[Round "1.54"]
[White "Lyell, Mark"]
[Black "Acikel, Mert"]
[Result "1-0"]
[WhiteTitle "FM"]
[WhiteElo "2236"]
[BlackElo "1917"]
[WhiteFideId "402354"]
[BlackFideId "12956465"]
[EventDate "2014.12.21"]

1. e4 e5 2. Nf3 Nc6 3. Bc4 Bc5 4. b4 Bxb4 5. c3 Be7 6. d4 exd4 7. Qb3 Na5 8.
Bxf7+ Kf8 9. Qa4 Kxf7 10. Qxa5 d6 11. cxd4 Nf6 12. O-O b6 13. Qb5 h6 14. e5 Nh7
15. exd6 cxd6 16. Re1 Bb7 17. Qb3+ Kf8 18. Bf4 Ng5 19. Nh4 Nh3+ 20. Qxh3 Bxh4
21. Nd2 Bg5 22. Bxg5 Qxg5 23. Nf3 Qf6 24. Re6 Qf4 25. Nh4 Be4 26. Re1 d5 27.
R1xe4 Qxe4 28. Rxe4 dxe4 29. Qe6 g5 30. Qf6+ Kg8 31. Qg6+ Kf8 32. Nf5 Rg8 33.
Qf6+ Ke8 34. Qe7# 1-0

[Event "52nd Groningen Open"]
[Site "Groningen NED"]
[Date "2014.12.22"]
[Round "2.1"]
[White "Tiviakov, Sergei"]
[Black "Senders, Mischa"]
[Result "1-0"]
[WhiteTitle "GM"]
[BlackTitle "FM"]
[WhiteElo "2677"]
[BlackElo "2380"]
[WhiteFideId "1008013"]
[BlackFideId "1038370"]
[EventDate "2014.12.21"]

1. e4 c5 2. Nc3 d6 3. Nge2 e5 4. Nd5 Ne7 5. Nec3 Nbc6 6. Bc4 Nxd5 7. Nxd5 Be6 8.
d3 Be7 9. f4 exf4 10. Bxf4 O-O 11. Qd2 Rb8 12. a4 Ne5 13. O-O h6 14. Bxe5 dxe5
15. Qf2 b6 16. Qg3 Bxd5 17. Bxd5 Bf6 18. Rf5 Qe7 19. Raf1 Kh7 20. R1f3 Rh8 21.
Qf2 Bh4 22. g3 Bf6 23. Rxf6 gxf6 24. Rxf6 Rbf8 25. Qf5+ Kg7 26. Qg4+ 1-0

[Event "52nd Groningen Open"]
[Site "Groningen NED"]
[Date "2014.12.22"]
[Round "2.2"]
[White "Ma, Qun"]
[Black "Pijpers, Arthur"]
[Result "1-0"]
[WhiteTitle "GM"]
[WhiteElo "2621"]
[BlackElo "2355"]
[WhiteFideId "8603154"]
[BlackFideId "1019554"]
[EventDate "2014.12.21"]

1. c4 e5 2. Nc3 Nf6 3. Nf3 Nc6 4. g3 d5 5. cxd5 Nxd5 6. Bg2 Nb6 7. a3 Be7 8. b4
Be6 9. Rb1 f6 10. d3 a5 11. b5 Nd4 12. Nd2 Qc8 13. e3 Nf5 14. O-O O-O 15. Qc2 a4
16. Bb2 Rd8 17. Rfd1 Nd6 18. Ba1 Nf7 19. Nc4 Nxc4 20. dxc4 Bxc4 21. Nd5 Bxd5 22.
Bxd5 c6 23. bxc6 bxc6 24. Ba2 Rxd1+ 25. Rxd1 Ra7 26. Bb2 g6 27. Qc4 Bf8 28. f4
Qg4 29. Rf1 Rb7 30. Bc3 exf4 31. Bxf6 Bxa3 32. Qxa4 Bf8 33. Qxc6 Ra7 34. Be6 Rc7
35. Qxc7 Qxe6 36. Qxf4 Nd6 37. Bd4 Be7 38. Rb1 Nf5 39. Rb8+ Kf7 40. g4 1-0

[Event "52nd Groningen Open"]
[Site "Groningen NED"]
[Date "2014.12.22"]
[Round "2.3"]
[White "Baghdasaryan, Vahe"]
[Black "L'Ami, Erwin"]
[Result "1/2-1/2"]
[WhiteTitle "IM"]
[BlackTitle "GM"]
[WhiteElo "2368"]
[BlackElo "2613"]
[WhiteFideId "13303139"]
[BlackFideId "1007998"]
[EventDate "2014.12.21"]

1. e4 e6 2. d4 d5 3. Nc3 Nf6 4. Bg5 Bb4 5. e5 h6 6. Bc1 Ne4 7. Qg4 Kf8 8. Ne2 c5
9. a3 h5 10. Qf4 Ba5 11. b4 Nxc3 12. Nxc3 cxb4 13. Nb5 b3+ 14. Bd2 Bxd2+ 15.
Kxd2 g5 16. Qe3 bxc2 17. h4 g4 18. Qf4 Kg7 19. f3 Bd7 20. Nd6 f5 21. Nxb7 Qe7
22. Nc5 Bc6 23. Rc1 Nd7 24. Rxc2 Nxc5 25. Rxc5 Bd7 26. Ba6 Rab8 27. Rc7 Rhd8 28.
Bb7 Kh7 29. Qe3 Rg8 30. f4 Qd8 31. Qc3 Rg7 32. Qc5 Bc8 33. Rxc8 Rxc8 34. Bxc8
Rc7 35. Qb4 Qxc8 36. Rc1 Rxc1 37. Qe7+ Kg8 38. Qg5+ Kf8 39. Qh6+ Ke7 40. Qg7+
Ke8 41. Qg8+ Kd7 42. Qf7+ Kc6 43. Kxc1 Kb5+ 44. Kd2 a5 45. Qxh5 Kc4 46. Qf7 Qb8
47. Qxe6 Qb2+ 48. Kd1 Qb1+ 49. Kd2 Qd3+ 50. Ke1 Qe3+ 51. Kf1 Qxf4+ 52. Ke2 Qe4+
53. Kf1 Qd3+ 54. Ke1 Qb1+ 55. Kf2 Kxd4 56. h5 Ke4 57. h6 Qd3 58. Qb6 Qd2+ 59.
Kf1 g3 60. Qb1+ Kxe5 61. Qb8+ Kd4 62. Qb6+ Kc4 63. Qa6+ Kb3 64. Qb5+ Kxa3 65.
Qe2 Qxh6 66. Qe3+ Qxe3 1/2-1/2

[Event "52nd Groningen Open"]
[Site "Groningen NED"]
[Date "2014.12.22"]
[Round "2.4"]
[White "Andriasian, Zaven"]
[Black "Brzeski, Maciej"]
[Result "1-0"]
[WhiteTitle "GM"]
[WhiteElo "2609"]
[BlackElo "2332"]
[WhiteFideId "13302000"]
[BlackFideId "1121537"]
[EventDate "2014.12.21"]

1. e4 c5 2. Nf3 Nc6 3. Bb5 g6 4. Bxc6 dxc6 5. d3 Bg7 6. h3 Nf6 7. Nc3 Nd7 8. Be3
e5 9. Qd2 Qe7 10. O-O Nf8 11. a3 Ne6 12. Bh6 f6 13. Bxg7 Qxg7 14. b4 Qe7 15. Ne2
Nd4 16. Nfxd4 cxd4 17. f4 O-O 18. fxe5 fxe5 19. Rxf8+ Kxf8 20. c3 dxc3 21. Qxc3
Bd7 22. Kh1 Kg8 23. Rf1 Rc8 24. Ng1 c5 25. Qb3+ Qe6 26. Qb2 c4 27. dxc4 Rxc4 28.
Qf2 Qe7 29. Qxa7 Bc6 30. Nf3 Rxe4 31. Rc1 Qd7 32. b5 b6 33. bxc6 Qxa7 34. c7
Qxc7 35. Rxc7 Re3 36. a4 e4 37. Ne5 Ra3 38. Rc4 e3 39. Re4 Kg7 40. Ng4 e2 41.
Rxe2 h5 42. Ne5 Rxa4 43. Rb2 Re4 44. Nd7 g5 45. Rxb6 g4 46. Nf6 1-0

[Event "52nd Groningen Open"]
[Site "Groningen NED"]
[Date "2014.12.22"]
[Round "2.5"]
[White "Chu, Wei Chao"]
[Black "Ipatov, Alexander"]
[Result "0-1"]
[WhiteTitle "IM"]
[BlackTitle "GM"]
[WhiteElo "2361"]
[BlackElo "2599"]
[WhiteFideId "8605661"]
[BlackFideId "14116731"]
[EventDate "2014.12.21"]

1. d4 d5 2. c4 c6 3. Nc3 Nf6 4. cxd5 cxd5 5. Bf4 Nc6 6. e3 a6 7. Bd3 Bg4 8. f3
Bc8 9. Nge2 g6 10. Be5 Bh6 11. Qb3 O-O 12. Kf2 Nd7 13. Bg3 e5 14. Qxd5 Qe7 15.
Rhd1 Nf6 16. Qb3 exd4 17. exd4 Qe3+ 18. Kf1 Bh3 19. Ng1 Nxd4 20. Qb6 Bf5 21.
Bxf5 Nxf5 22. Bf2 Qxb6 23. Bxb6 Be3 24. Bc7 Ba7 25. Bf4 Nh5 26. Bd2 Nhg3+ 27.
hxg3 Nxg3+ 28. Ke1 Bxg1 29. Bf4 Rfe8+ 30. Kd2 Bf2 31. Kc2 Ne2 32. Nxe2 Rxe2+ 33.
Rd2 Rc8+ 34. Kd3 Rxd2+ 35. Bxd2 Bg3 36. a4 h5 37. b4 Kg7 38. Rb1 Rd8+ 39. Ke2
Rd5 40. Bc3+ f6 41. Ke3 Kf7 42. Ke4 Rg5 43. Rd1 Ke6 44. Rd8 Bd6 45. Bxf6 Rxg2
46. Bd4 Bxb4 47. Rb8 Ra2 48. Rxb7 Rxa4 49. Rb6+ Bd6 0-1

[Event "52nd Groningen Open"]
[Site "Groningen NED"]
[Date "2014.12.22"]
[Round "2.6"]
[White "Vocaturo, Daniele"]
[Black "De Jong, Migchiel"]
[Result "1-0"]
[WhiteTitle "GM"]
[BlackTitle "IM"]
[WhiteElo "2590"]
[BlackElo "2320"]
[WhiteFideId "813192"]
[BlackFideId "1002848"]
[EventDate "2014.12.21"]

1. d4 e6 2. e4 d5 3. Nc3 Bb4 4. e5 c5 5. a3 Bxc3+ 6. bxc3 Qc7 7. Qg4 f5 8. Qg3
Nc6 9. Nf3 cxd4 10. Bb5 dxc3 11. a4 a6 12. Bxc6+ bxc6 13. Ba3 c5 14. Bxc5 g6 15.
Bd4 Qc4 16. Ra3 Bd7 17. Rxc3 Qxa4 18. O-O Nh6 19. Qg5 Nf7 20. Qf6 O-O 21. Bc5
Nd6 22. Bxd6 Rxf6 23. exf6 Kf7 24. Be7 Qa5 25. Rc5 Bb5 26. c4 dxc4 27. Ng5+ Kg8
28. Bd6 Qd2 29. Rc7 Qxd6 30. Rg7+ Kf8 31. Nxh7+ 1-0

[Event "52nd Groningen Open"]
[Site "Groningen NED"]
[Date "2014.12.22"]
[Round "2.7"]
[White "Hoeksema, Hendrik Pieter"]
[Black "Bok, Benjamin"]
[Result "0-1"]
[WhiteTitle "IM"]
[BlackTitle "GM"]
[WhiteElo "2342"]
[BlackElo "2572"]
[WhiteFideId "1000454"]
[BlackFideId "1017063"]
[EventDate "2014.12.21"]

1. Nf3 g6 2. e4 d6 3. d4 Nf6 4. Nc3 Bg7 5. Be2 O-O 6. O-O c6 7. e5 dxe5 8. Nxe5
Bf5 9. Bf4 Nbd7 10. Bf3 Re8 11. Re1 Nf8 12. Qd2 Ne6 13. Be3 Nc7 14. Rac1 Nd7 15.
Ng4 Bxg4 16. Bxg4 Nb6 17. Be2 Qd7 18. Ne4 Ne6 19. c3 Qd5 20. Qc2 Qxa2 21. Ra1
Qd5 22. Bf3 Qd7 23. Qb3 Nd5 24. Bd2 a6 25. Rad1 b5 26. Bc1 a5 27. h4 a4 28. Qc2
b4 29. c4 Nxd4 30. Rxd4 Bxd4 0-1

[Event "52nd Groningen Open"]
[Site "Groningen NED"]
[Date "2014.12.22"]
[Round "2.8"]
[White "Ernst, Sipke"]
[Black "Kolbus, Dietmar"]
[Result "1-0"]
[WhiteTitle "GM"]
[BlackTitle "IM"]
[WhiteElo "2553"]
[BlackElo "2317"]
[WhiteFideId "1004689"]
[BlackFideId "4610628"]
[EventDate "2014.12.21"]

1. d4 Nf6 2. c4 e6 3. Nf3 d5 4. Nc3 Be7 5. Bg5 O-O 6. e3 Ne4 7. Bxe7 Qxe7 8. Rc1
Nxc3 9. Rxc3 c6 10. Bd3 dxc4 11. Rxc4 Nd7 12. Qc2 h6 13. O-O e5 14. Rc1 exd4 15.
Rxd4 Nf6 16. Qc5 Qxc5 17. Rxc5 Re8 18. a3 Be6 19. Rc1 Rad8 20. Rxd8 Rxd8 21. Nd4
Rd6 22. f3 Kf8 23. Kf2 Ne8 24. b4 a6 25. g4 Nc7 26. h4 Rd8 27. Rc5 Ba2 28. Rc3
Be6 29. Be2 g5 30. h5 Ke7 31. Bd3 Kf6 32. Ke2 Ke7 33. Rc5 Kf6 34. Rc1 Ke7 35. a4
Kd6 36. Bc4 Rh8 37. Bxe6 fxe6 38. Nb3 Nd5 39. Nc5 Rb8 40. Rd1 Ke7 41. Kf2 b6 42.
Nd3 c5 43. Ne5 Rc8 44. bxc5 Rxc5 45. Ng6+ Ke8 46. e4 Rc2+ 47. Ke1 Nc7 48. Rd6 b5
49. axb5 axb5 50. Ne5 b4 51. Rb6 Rc5 52. Rb8+ Ke7 53. Ng6+ Kf6 54. Rxb4 e5 55.
Rb6+ Kf7 56. Rc6 Ne6 57. Rxc5 Nxc5 58. Nxe5+ Kf6 59. Nc4 Nb7 60. Kf2 Ke6 61. Ne3
Nd8 62. Nf5 Nf7 63. Ke3 Ke5 64. Nd4 Nd8 65. Nb3 Ne6 66. Nc1 Kd6 67. Nd3 Ke7 68.
e5 Kf7 69. Ke4 Ke7 70. Nb4 Kf7 71. Nc6 Nc5+ 72. Kd5 Ne6 73. Nd4 Nf4+ 74. Kd6 Ke8
75. Nf5 Ne2 76. e6 1-0

[Event "52nd Groningen Open"]
[Site "Groningen NED"]
[Date "2014.12.22"]
[Round "2.9"]
[White "Van Foreest, Lucas"]
[Black "Alsina Leal, Daniel"]
[Result "1/2-1/2"]
[BlackTitle "GM"]
[WhiteElo "2319"]
[BlackElo "2540"]
[WhiteFideId "1039792"]
[BlackFideId "2252627"]
[EventDate "2014.12.21"]

1. e4 c5 2. Nf3 e6 3. d4 cxd4 4. Nxd4 Nc6 5. Be3 Nf6 6. Bd3 e5 7. Nxc6 bxc6 8.
O-O d6 9. c4 Be7 10. Nc3 O-O 11. Be2 Be6 12. b3 d5 13. cxd5 cxd5 14. exd5 Nxd5
15. Nxd5 Bxd5 16. Qd2 Be6 17. Qxd8 Rfxd8 18. Bf3 Bd5 19. Bxd5 Rxd5 20. Rfd1 Ra5
21. Rd7 Kf8 22. g4 Ke8 23. Rb7 a6 24. Rc1 Rb5 25. Rcc7 Rxb7 26. Rxb7 f6 27. Kg2
g6 28. h4 a5 29. Kf3 a4 30. b4 Rc8 31. b5 Rc2 32. b6 Rxa2 33. Ra7 Rb2 34. Rxa4
Bd8 35. Ra8 Kd7 36. Ra7+ Ke6 37. h5 gxh5 38. gxh5 Kf5 39. Rxh7 Bxb6 40. Rb7 Bd4
41. Rxb2 Bxb2 42. Kg3 Ba3 43. f3 Be7 44. Bd2 Ke6 45. h6 Kf7 46. f4 exf4+ 47.
Kxf4 Kg6 48. h7 Kxh7 49. Kf5 Kg7 1/2-1/2

[Event "52nd Groningen Open"]
[Site "Groningen NED"]
[Date "2014.12.22"]
[Round "2.10"]
[White "Werle, Jan"]
[Black "Lomasov, Semen"]
[Result "1-0"]
[WhiteTitle "GM"]
[WhiteElo "2531"]
[BlackElo "2305"]
[WhiteFideId "1006088"]
[BlackFideId "24164879"]
[EventDate "2014.12.21"]

1. d4 Nf6 2. c4 c5 3. d5 b5 4. Nf3 g6 5. cxb5 a6 6. b6 d6 7. Nc3 Nbd7 8. e4 Bg7
9. a4 Qxb6 10. Nd2 O-O 11. a5 Qb4 12. Be2 Ne8 13. O-O Nc7 14. Nc4 Rb8 15. Na4
Qb7 16. Rb1 Nb5 17. Nab6 Nxb6 18. Nxb6 Nd4 19. Bc4 Bd7 20. Be3 Bb5 21. Qd3 Bxc4
22. Qxc4 Nb5 23. Qd3 f5 24. exf5 Rxf5 25. Rfc1 Bd4 26. b4 c4 27. Rxc4 Bxb6 28.
axb6 Qxd5 29. Qxd5+ Rxd5 30. Rbc1 Kf7 31. h4 Ke6 32. Rc8 Rb7 33. Ra1 Kd7 34. Rh8
Kc6 35. Rxa6 Rd1+ 36. Kh2 Nd4 37. Rc8+ Kb5 38. Ra7 Rxb6 39. Rxe7 Nf5 40. Rxh7
Nxe3 41. fxe3 d5 42. Rh6 d4 43. Rd8 d3 44. h5 Kxb4 45. Rxg6 Rb5 46. h6 Kc3 47.
g4 Rbb1 48. Kg3 Rg1+ 49. Kf4 Rgf1+ 50. Kg5 Rb5+ 51. Kh4 Re5 52. Rgd6 Rh1+ 53.
Kg3 Rxe3+ 54. Kf4 Reh3 55. g5 Rh4+ 56. Kf5 d2 57. Rd3+ Kc4 58. Rxd2 Rxh6 59.
gxh6 Rxh6 60. Rc2+ Kb3 61. Rc7 Rh5+ 62. Kg4 Rb5 63. Kf4 Kb2 64. Ke4 Rb4+ 65. Kd3
Rb6 66. Kd2 Kb3 67. Rd3+ Kb4 68. Ke2 Ra6 69. Rb7+ 1-0

[Event "52nd Groningen Open"]
[Site "Groningen NED"]
[Date "2014.12.22"]
[Round "2.11"]
[White "Dijkhuis, Tycho"]
[Black "Brandenburg, Daan"]
[Result "0-1"]
[WhiteTitle "FM"]
[BlackTitle "GM"]
[WhiteElo "2317"]
[BlackElo "2530"]
[WhiteFideId "1036564"]
[BlackFideId "1011014"]
[EventDate "2014.12.21"]

1. e4 c5 2. Nf3 e6 3. d4 cxd4 4. Nxd4 Nc6 5. Nc3 Qc7 6. Be3 a6 7. Qd2 Nf6 8. f4
Bb4 9. Bd3 Na5 10. a3 Bxc3 11. Qxc3 Qxc3+ 12. bxc3 d5 13. e5 Ne4 14. Nb3 Nc4 15.
Bxc4 dxc4 16. Na5 Bd7 17. Nxb7 Bc6 18. Na5 Bd5 19. Bd4 f5 20. Rb1 Kd7 21. Rb4
Rhb8 22. Ke2 Rb5 23. Ra4 Rc8 24. Rd1 Ke7 25. Ke3 Nc5 0-1

[Event "52nd Groningen Open"]
[Site "Groningen NED"]
[Date "2014.12.22"]
[Round "2.12"]
[White "Donchenko, Alexander"]
[Black "Afek, Yochanan"]
[Result "1-0"]
[WhiteTitle "IM"]
[BlackTitle "IM"]
[WhiteElo "2523"]
[BlackElo "2285"]
[WhiteFideId "24603295"]
[BlackFideId "2800462"]
[EventDate "2014.12.21"]

1. Nf3 Nf6 2. c4 c5 3. g3 Nc6 4. Bg2 d6 5. Nc3 g6 6. d4 cxd4 7. Nxd4 Bd7 8. Nc2
Bg7 9. b3 O-O 10. O-O a6 11. Bd2 Rb8 12. a4 Na5 13. Rb1 Bc6 14. e4 b6 15. Qe2
Bb7 16. Rfe1 Re8 17. Nb4 Nd7 18. Nc2 Rc8 19. Na3 e6 20. Qd1 Qc7 21. Rc1 Qb8 22.
Bf4 Ne5 23. Be3 Nd7 24. Bf4 Ne5 25. Be3 Nd7 26. Qc2 Nc6 27. Red1 Nc5 28. Rb1 Nb4
29. Qd2 Qa8 30. Nc2 Nxc2 31. Qxc2 Bf8 32. Bf4 Red8 33. Bg5 Re8 34. Bf4 Red8 35.
Rd2 b5 36. axb5 axb5 37. b4 Nxe4 38. Nxe4 Rxc4 39. Nf6+ Kg7 40. Bxb7 Rxc2 41.
Bxa8 Rxd2 42. Bxd2 Rxa8 43. Bc3 Rc8 44. Rc1 Rc4 45. Kf1 e5 46. Nd5 f6 47. Ra1
Kf7 48. Ra5 Ke6 49. Rxb5 f5 50. Ke2 Rc8 51. Kd3 e4+ 52. Kc2 Bh6 53. Kb3 g5 54.
Ne3 1-0

[Event "52nd Groningen Open"]
[Site "Groningen NED"]
[Date "2014.12.22"]
[Round "2.13"]
[White "Hovhannisyan, Mher"]
[Black "Kerigan, Demre"]
[Result "0-1"]
[WhiteTitle "IM"]
[BlackTitle "FM"]
[WhiteElo "2511"]
[BlackElo "2277"]
[WhiteFideId "13300865"]
[BlackFideId "6307841"]
[EventDate "2014.12.21"]

1. Nf3 g6 2. g3 Bg7 3. d4 d6 4. Bg2 Nf6 5. O-O O-O 6. c4 Nbd7 7. Nc3 e5 8. e3
Re8 9. b3 c6 10. a4 a5 11. Ba3 Nb8 12. dxe5 dxe5 13. Qxd8 Rxd8 14. Rad1 Re8 15.
Ng5 Bf5 16. Nge4 Bxe4 17. Nxe4 Nxe4 18. Bxe4 Bf8 19. Bb2 Na6 20. g4 Rad8 21. Kg2
Bd6 22. h4 Re7 23. f4 Red7 24. fxe5 Bc7 25. Rxd7 Rxd7 26. Bc3 Re7 27. Rd1 Kf8
28. h5 Ke8 29. hxg6 hxg6 30. Rh1 Nb4 31. Kf3 Bxe5 32. Bxe5 Rxe5 33. Kf4 Re7 34.
Rh8+ Kd7 35. g5 Na6 36. Bc2 Kc7 37. Rh7 Kd6 38. e4 Nc5 39. Rh8 Ne6+ 40. Ke3 Nxg5
41. Kf4 Ne6+ 42. Ke3 Kc5 43. Ra8 Kb4 44. e5 Nc5 45. Kf4 Kc3 46. Be4 Nxe4 0-1

[Event "52nd Groningen Open"]
[Site "Groningen NED"]
[Date "2014.12.22"]
[Round "2.14"]
[White "Wacker, Peter"]
[Black "Svane, Rasmus"]
[Result "0-1"]
[WhiteTitle "FM"]
[BlackTitle "IM"]
[WhiteElo "2305"]
[BlackElo "2507"]
[WhiteFideId "4615751"]
[BlackFideId "4657101"]
[EventDate "2014.12.21"]

1. e4 c6 2. d4 d5 3. exd5 cxd5 4. Bd3 Nc6 5. c3 Qc7 6. Ne2 Bg4 7. f3 Bd7 8. Bf4
e5 9. Bg3 Bd6 10. Bb5 Nf6 11. Bxc6 bxc6 12. dxe5 Bxe5 13. Bxe5 Qxe5 14. Qd4 Qe7
15. b4 O-O 16. Kf2 Rfe8 17. Re1 c5 18. Qxc5 Qe5 19. Nd2 Qxh2 20. Qd4 Qh6 21. Ng3
Qg5 22. Ngf1 a6 23. Re3 Rxe3 24. Nxe3 h5 25. g3 Re8 26. Re1 Bb5 27. Ng2 Rxe1 28.
Nxe1 Qf5 29. Ng2 Qc2 30. a3 Qb2 31. Ne3 Qxa3 32. g4 hxg4 33. fxg4 Qa2 34. Kf3
Qa1 35. Kg2 Qe1 36. Kh3 Qf2 37. Nf5 Bf1+ 38. Nxf1 Qxf1+ 39. Kh2 Qe2+ 40. Kg3
Ne4+ 41. Kf4 Qh2+ 42. Kf3 Qh3+ 43. Kf4 Qh2+ 44. Kf3 Ng5+ 45. Ke3 Qh3+ 46. Kf2
Qh2+ 47. Kf1 Qh1+ 48. Kf2 Qf3+ 49. Ke1 Qxf5 0-1